Statistics for Write 100 time 12 in 15 second

Click here to take the quiz!

General Stats

  • This quiz has been taken 76 times
  • The average score is 41 of 100

Answer Stats

12% Correct
12
100%
12
96%
12
96%
12
96%
12
96%
12
96%
12
96%
12
92%
12
92%
12
92%
12
92%
12
88%
12
85%
12
85%
12
85%
12
81%
12
81%
12
77%
12
77%
12
73%
12
73%
12
69%
12
69%
12
69%
12
69%
12
65%
12
58%
12
58%
12
58%
12
54%
12
54%
12
54%
12
54%
12
54%
12
54%
12
50%
12
46%
12
46%
12
46%
12
46%
12
46%
12
46%
12
46%
12
46%
12
42%
12
38%
12
38%
12
35%
12
35%
12
35%
12
35%
12
31%
12
31%
12
31%
12
31%
12
31%
12
27%
12
27%
12
27%
12
27%
12
27%
12
27%
12
23%
12
23%
12
23%
12
19%
12
15%
12
15%
12
15%
12
15%
12
15%
12
12%
12
12%
12
12%
12
12%
12
12%
12
12%
12
12%
12
12%
12
12%
12
12%
12
12%
12
12%
12
12%
12
8%
12
8%
12
8%
12
8%
12
8%
12
8%
12
8%
12
8%
12
8%
12
8%
12
8%
12
8%
12
8%
12
8%
12
8%
12
8%

Score Distribution

Percentile by Number Answered

Percent of People with Each Score

Your Score History

You have not taken this quiz